Home Print Resources E-Books E-Journals IIMT Lecture Series Library Membership Form Book Recommendation Form Campus Tour Take AdmissionAbout Us Contact Us

Fundamentals of Semiconductor Fabrication (Record no. 12016)

000 -LEADER
fixed length control field 00374nam a2200157Ia 4500
003 - CONTROL NUMBER IDENTIFIER
control field OSt
005 - DATE AND TIME OF LATEST TRANSACTION
control field 20240102054541.0
008 - FIXED-LENGTH DATA ELEMENTS--GENERAL INFORMATION
fixed length control field 170523s9999 xx 000 0 und d
016 ## - NATIONAL BIBLIOGRAPHIC AGENCY CONTROL NUMBER
Source 9788126532605
020 ## - INTERNATIONAL STANDARD BOOK NUMBER
International Standard Book Number 9788126532602
040 ## - CATALOGING SOURCE
Transcribing agency iimtu
100 ## - MAIN ENTRY--PERSONAL NAME
Personal name May- Gary S.
245 #0 - TITLE STATEMENT
Title Fundamentals of Semiconductor Fabrication
260 ## - PUBLICATION, DISTRIBUTION, ETC.
Place of publication, distribution, etc. Wiley India
942 ## - ADDED ENTRY ELEMENTS (KOHA)
Source of classification or shelving scheme
Koha item type Book Bank
Holdings
Withdrawn status Lost status Source of classification or shelving scheme Damaged status Not for loan Home library Current library Date acquired Full call number Barcode Date last seen Price effective from Koha item type Public note Source of acquisition Total Checkouts
          IIMT Engineering College-BTech IIMT Engineering College-BTech 12/03/2011   06-B-54185 07/03/2017 07/03/2017 Text-Book- for 7 days   3  
          IIMT University Central Library Meerut IIMT University Central Library Meerut 05/31/2017 R 01-B-119605 05/31/2017 05/31/2017 Reference Book nil    
IIMT, Central Library. All Rights Reserved IIMT,UNIVERSITY © 2023
Implemented and Customised by I CLOUDE EMS
You Are OPAC Visitor No
free web counter

Powered by Koha